00932nam a22002537a 45000010005000000030006000050050017000110080041000280200018000690400029000870500008001160820012001241000025001362450044001612600058002053000037002634900029003005050007003295200250003365210027005865210018006136500019006316500028006509380FISKH20260130135200.0251216b cb ||||| |||| 00| 0 eng d a9780462001319 aFISKHbengcFISKHdFISKH aPZ7 a599.773 aWard, NicoleeAuthor aThe grey wolf /cWritten by Nicole Ward aSingapore :bMarshall Cavendish International ,c2008 a16 pages :bphotographs ;c19 cm aMy pals are here! :v16e aG  aA scary movie set in the woods would not be the same without a howling wolf. It's a noise that can make you shiver with fear. But what do you know about wolves? Let's find out about the biggest of all the wolves. Let's learn about the grey wolf.8 a400 bLexile estimate 8 aG bRaz-Plus  aFactsvWolves  aBiggest wolfvGrey wolf